<?xml version="1.0" encoding="UTF-8"?><?xml-stylesheet type="text/xsl" href="static/style.xsl"?><OAI-PMH xmlns="http://www.openarchives.org/OAI/2.0/" xmlns:xsi="http://www.w3.org/2001/XMLSchema-instance" xsi:schemaLocation="http://www.openarchives.org/OAI/2.0/ http://www.openarchives.org/OAI/2.0/OAI-PMH.xsd"><responseDate>2026-04-17T19:12:03Z</responseDate><request verb="GetRecord" identifier="oai:www.recercat.cat:11351/12474" metadataPrefix="marc">https://recercat.cat/oai/request</request><GetRecord><record><header><identifier>oai:recercat.cat:11351/12474</identifier><datestamp>2025-10-24T10:19:40Z</datestamp><setSpec>com_2072_378070</setSpec><setSpec>com_2072_378040</setSpec><setSpec>col_2072_378092</setSpec></header><metadata><record xmlns="http://www.loc.gov/MARC21/slim" xmlns:dcterms="http://purl.org/dc/terms/" xmlns:xsi="http://www.w3.org/2001/XMLSchema-instance" xmlns:doc="http://www.lyncode.com/xoai" xsi:schemaLocation="http://www.loc.gov/MARC21/slim http://www.loc.gov/standards/marcxml/schema/MARC21slim.xsd">
   <leader>00925njm 22002777a 4500</leader>
   <datafield ind2=" " ind1=" " tag="042">
      <subfield code="a">dc</subfield>
   </datafield>
   <datafield ind2=" " ind1=" " tag="720">
      <subfield code="a">Faner Capó, Xavier</subfield>
      <subfield code="e">author</subfield>
   </datafield>
   <datafield ind2=" " ind1=" " tag="720">
      <subfield code="a">Salinas Cánovas, Álvaro</subfield>
      <subfield code="e">author</subfield>
   </datafield>
   <datafield ind2=" " ind1=" " tag="720">
      <subfield code="a">Sánchez Besalduch, Lluís</subfield>
      <subfield code="e">author</subfield>
   </datafield>
   <datafield ind2=" " ind1=" " tag="720">
      <subfield code="a">Flota Ruiz, David</subfield>
      <subfield code="e">author</subfield>
   </datafield>
   <datafield ind2=" " ind1=" " tag="720">
      <subfield code="a">García Reyes, Marvin Ernesto</subfield>
      <subfield code="e">author</subfield>
   </datafield>
   <datafield ind2=" " ind1=" " tag="720">
      <subfield code="a">Bellmunt-Montoya, Sergi</subfield>
      <subfield code="e">author</subfield>
   </datafield>
   <datafield ind2=" " ind1=" " tag="260">
      <subfield code="c">2025-01-24T08:26:54Z</subfield>
   </datafield>
   <datafield ind2=" " ind1=" " tag="260">
      <subfield code="c">2025-01-24T08:26:54Z</subfield>
   </datafield>
   <datafield ind2=" " ind1=" " tag="260">
      <subfield code="c">2024-07</subfield>
   </datafield>
   <datafield ind2=" " ind1=" " tag="520">
      <subfield code="a">Abdominal aortic aneurysm; Mortality; Ruptured aortic aneurysm</subfield>
   </datafield>
   <datafield ind2=" " ind1=" " tag="520">
      <subfield code="a">Aneurisma aòrtic abdominal; Mortalitat; Aneurisma aòrtic trencat</subfield>
   </datafield>
   <datafield ind2=" " ind1=" " tag="520">
      <subfield code="a">Aneurisma aòrtic abdominal; Mortalidad; Aneurisma aórtico roto</subfield>
   </datafield>
   <datafield ind2=" " ind1=" " tag="520">
      <subfield code="a">Objective&#xd;
Registry data suggest that centralising abdominal aortic aneurysm (AAA) surgery decreases the mortality rate after AAA repair. However, the impact of higher elective volumes on ruptured AAA (rAAA) repair associated mortality rates remains uncertain. This study aimed to examine associations between intact AAA (iAAA) repair volume and post-operative rAAA death.&#xd;
Methods&#xd;
Using data from official national registries between 2015 – 2019, all iAAA and rAAA repairs were separately analysed across 10 public hospitals. The following were assessed: 30 day and 12 month mortality rate following open surgical repair (OSR) and endovascular aneurysm repair (EVAR). Associations between the 5 year hospital iAAA repair volumes (organised into tertiles) and rAAA associated mortality rate were analysed, regardless of treatment modality. Receiver operating characteristic (ROC) curves were generated to identify iAAA volume thresholds for decreasing the rAAA mortality rate. Subanalysis by treatment type was conducted. Threshold analysis was repeated with the Markov chain Monte Carlo (MCMC) procedure to confirm the findings.&#xd;
Results&#xd;
A total of 1 599 iAAAs (80.2% EVAR, 19.8% OSR) and 196 rAAAs (66.3% EVAR, 33.7% OSR) repairs were analysed. The median and interquartile range of the volume/hospital/year for all iAAA repairs were 39.2 (31.2, 47.4). The top volume iAAA tertile exhibited lower rAAA associated 30 day (odds ratio [OR] 0.374; p = .007) and 12 month (OR 0.264; p &lt; .001) mortality rates. The ROC analysis revealed a threshold of 40 iAAA repairs/hospital/year (EVAR + OSR) for a reduced rAAA mortality rate. Middle volume hospitals for open iAAA repair had reduced 30 day (OR 0.267; p = .033) and 12 month (OR 0.223; p = .020) mortality rates, with a threshold of five OSR procedures/year. The MCMC procedure found similar thresholds. No significant association was found between elective EVAR volumes and ruptured EVAR mortality.&#xd;
Conclusion&#xd;
Higher iAAA repair volumes correlated with a lower rAAA mortality rate, particularly for OSR. The recommended iAAA repair threshold is 40 procedures/year and five procedures/year for OSR. These findings support high elective volumes for improving the rAAA mortality rate, especially for OSR.</subfield>
   </datafield>
   <datafield ind1="8" ind2=" " tag="024">
      <subfield code="a">http://hdl.handle.net/11351/12474</subfield>
   </datafield>
   <datafield tag="653" ind2=" " ind1=" ">
      <subfield code="a">Registres mèdics</subfield>
   </datafield>
   <datafield tag="653" ind2=" " ind1=" ">
      <subfield code="a">Aneurisma abdominal - Mortalitat</subfield>
   </datafield>
   <datafield tag="653" ind2=" " ind1=" ">
      <subfield code="a">Aneurisma abdominal - Cirurgia</subfield>
   </datafield>
   <datafield tag="653" ind2=" " ind1=" ">
      <subfield code="a">DISEASES::Cardiovascular Diseases::Vascular Diseases::Aneurysm::Aortic Aneurysm::Aortic Aneurysm, Abdominal</subfield>
   </datafield>
   <datafield tag="653" ind2=" " ind1=" ">
      <subfield code="a">DISEASES::Cardiovascular Diseases::Vascular Diseases::Aneurysm::Aneurysm, Ruptured::Aortic Rupture</subfield>
   </datafield>
   <datafield tag="653" ind2=" " ind1=" ">
      <subfield code="a">ANALYTICAL, DIAGNOSTIC AND THERAPEUTIC TECHNIQUES, AND EQUIPMENT::Investigative Techniques::Epidemiologic Methods::Data Collection::Registries</subfield>
   </datafield>
   <datafield tag="653" ind2=" " ind1=" ">
      <subfield code="a">ANALYTICAL, DIAGNOSTIC AND THERAPEUTIC TECHNIQUES, AND EQUIPMENT::Investigative Techniques::Epidemiologic Methods::Data Collection::Vital Statistics::Mortality</subfield>
   </datafield>
   <datafield tag="653" ind2=" " ind1=" ">
      <subfield code="a">ANALYTICAL, DIAGNOSTIC AND THERAPEUTIC TECHNIQUES, AND EQUIPMENT::Surgical Procedures, Operative::Elective Surgical Procedures</subfield>
   </datafield>
   <datafield tag="653" ind2=" " ind1=" ">
      <subfield code="a">ENFERMEDADES::enfermedades cardiovasculares::enfermedades vasculares::aneurisma::aneurisma de la aorta::aneurisma de la aorta abdominal</subfield>
   </datafield>
   <datafield tag="653" ind2=" " ind1=" ">
      <subfield code="a">ENFERMEDADES::enfermedades cardiovasculares::enfermedades vasculares::aneurisma::rotura aneurismática::rotura aórtica</subfield>
   </datafield>
   <datafield tag="653" ind2=" " ind1=" ">
      <subfield code="a">TÉCNICAS Y EQUIPOS ANALÍTICOS, DIAGNÓSTICOS Y TERAPÉUTICOS::técnicas de investigación::métodos epidemiológicos::recopilación de datos::registros</subfield>
   </datafield>
   <datafield tag="653" ind2=" " ind1=" ">
      <subfield code="a">TÉCNICAS Y EQUIPOS ANALÍTICOS, DIAGNÓSTICOS Y TERAPÉUTICOS::técnicas de investigación::métodos epidemiológicos::recopilación de datos::estadísticas vitales::mortalidad</subfield>
   </datafield>
   <datafield tag="653" ind2=" " ind1=" ">
      <subfield code="a">TÉCNICAS Y EQUIPOS ANALÍTICOS, DIAGNÓSTICOS Y TERAPÉUTICOS::intervenciones quirúrgicas::procedimientos quirúrgicos electivos</subfield>
   </datafield>
   <datafield ind2="0" ind1="0" tag="245">
      <subfield code="a">Hospital Volume of Elective Abdominal Aortic Aneurysm Repair as a Predictor of Mortality After Ruptured Abdominal Aortic Aneurysm Repair</subfield>
   </datafield>
</record></metadata></record></GetRecord></OAI-PMH>